Ewige Tabelle der Bundesliga Österreich: 5 beste Vereine je Bundesland - Statistiken

Allgemein
  • Dieses Quiz wurde 22 mal gespielt
  • Das Durchschnittsergebnis liegt bei 15 aus 39
Antwortstatistiken
Verein Pkt. ges. % Korrekt
FC Red Bull Salzburg 3334
86%
SK Rapid Wien 5983
86%
SK Sturm Graz 3254
86%
Wolfsberger AC 634
86%
FK Austria Wien 5606
81%
Grazer AK 2150
76%
LASK 2406
76%
FC Blau-Weiß Linz 1047
57%
FC Wacker Innsbruck 2405
57%
SKN St. Pölten 361
57%
SK Austria Klagenfurt 850
52%
SV Mattersburg/Mattersburger SV 2020 613
52%
Admira Wacker 3618
48%
Schwarz-Weiß Bregenz 410
48%
SV Ried 1011
48%
SC Eisenstadt 410
43%
TSV Hartberg 312
43%
DSV Leoben 293
38%
First Vienna FC 1894 2541
38%
Kapfenberger SV 414
38%
SC Austria Lustenau 181
33%
Wiener Sport-Club 2680
33%
WSG Tirol 349
33%
1. Wiener Neustädter SC 441
29%
ASKÖ Pasching 282
29%
FC Dornbirn 1913 51
29%
SC Rheindorf Altach 545
29%
SK Vorwärts Steyr 307
29%
SC Neusiedl am See 33
19%
SV Grödig 127
19%
FC Rätia Bludenz 23
10%
Salzburger AK 1914 21
10%
SC Wacker Wien 1661
10%
SV Schwechat 213
10%
Kremser SC 174
5%
SK Austria Kärnten 89
5%
SK Bischofshofen 9
5%
SV Spittal/Drau 33
0%
WSG Radenthein 68
0%
Keine übereinstimmenden Quizze gefunden
Verteilung der Resultate
Anzahl Personen mit jedem Resultat
Perzentil nach korrekt beantworteten Fragen
Ihre Resultats-Entwicklung
Sie haben dieses Quiz noch nicht gespielt